| 000 | 00617nam a2200193 i 4500 | ||
|---|---|---|---|
| 001 | 136226 | ||
| 003 | ES-MaACL | ||
| 005 | 20250825063336.0 | ||
| 007 | t| | ||
| 008 | 070214s1913 fr r ||||1| fre d | ||
| 100 | 1 |
_aSabatier, Paul, _d1858-1928 _9101187 |
|
| 245 | 1 | 3 |
_aLa catalyse en chimie organique / _cPaul Sabatier. |
| 260 |
_aParis : _bCh. Béranger, _c1913. |
||
| 300 |
_aXIII, 255 p. : _bil. ; _c25 cm. |
||
| 490 | 1 | _aEncyclopédie de science chimique appliquée | |
| 830 | 0 |
_aEncyclopédie de science chimique appliquée _9219985 |
|
| 852 |
_aES-MaACL _jG-13634 |
||
| 999 |
_c136226 _d136226 |
||